แสดงรายละเอียดบรรณานุกรม
  กลับหน้าหลัก

Brief Record : Get Marc (ISO 2709) : E-mail record : QR code ปิดหน้าต่าง
LEADER 00000nama 2200000uu 4500
008    040531s2538 th m m a000 0 tha d
041    tha
050    วพ WY157.3 ว816ค 2538
100    ^aวีนัส สืบศรี.
245    ^aความพร้อมของมารดาที่มีผลต่อการให้นมแม่สำหรับบุตรในระยะ 6 เดือนแรก เขอำเภอมเอง จังหวีดเชียงใหม่/^bวีนัส สืบศรี.
260    ^aเชียงใหม่ :^bมหาวิทยาลัยเชียงหม่,^c 2538.
300    ^a[ก]-ฎ,99 แผ่น.
502    ^aวิทยานิพนธ์(สศ.ม.)--บัณฑิตวิทยาลัย มหาวิทยาลัยเชียงใหม่,2538.
650    ^aการเลี้ยงลูกด้วยนมแม่.
650  0 ^aน้ำนมมารดา.
650  0 ^aการให้นม.
650  0 ^aทารก^x--โภชนาการ.
710 1  ^aมหาวิทยาลัยเชียงใหม่ บัญฑิตวิทยาลัย.
995    ^aวิทยานิพนธ์.
998    1999-02-09
999    ^aใช้งานได้ทุกระบบ
รายการนี้ยังไม่มีแท็ก
คุณยังไม่ได้ล็อกอิน คุณสามารถมีกิจกรรมร่วมกับเว็บไซต์ได้ แต่ต้องล็อกอินก่อน ::
  ล็อกอิน
ลำดับที่ ประเภท เลขเรียก สถานที่ สถานะ
1. หนังสือทั่วไป
หนังสือทั่วไป
วพ WY157.3 ว816ค 2538  
  
หนังสือทั่วไป On Shelf
  ขอยืม
   [แสดง 1/1 รายการ]

รายการใกล้เคียง
    หัวเรื่อง [การเลี้ยงลูกด้วยนมแม่.]
    หัวเรื่อง [การให้นม.]

BibComment


ยังไม่เคยถูกคอมเมนท์

คอมเมนท์ทรัพยากรรายการนี้
  คอมเมนท์: ความพร้อมของมารด..
Bib 186160

 
 
 

 Union Library Management : ULibM
Copyright 2026. All Rights Reserved.
скачать бесплатно без регистрации порно красивый секс HD Sex Hindi sex

xxx gou

xxxx

bfxxx

xxxwww

Секса Видео

xxxx

Секса Видео

detube

geilexxx

C99 Shell

worms shell

blod xxx video
Ebony Coed Rihanna Rimes Takes A Dick In Her Young Twat priyaa indian fuck anal and pusssy hardcore indian women xxx desi hardcore fucking part 1 bengalixxxcouple